Biblioteca

Preguntas a Lausana II (Registro nro. 51855)

Detalles MARC
000 -LÍDER
Campo fijo de descripción fija 00867aab a2200193 i 4500
001 - NÚMERO DE CONTROL
Campo de control 768714001
003 - IDENTIFICADOR DEL NÚMERO DE CONTROL
Campo de control CO-MdFUSB
005 - FECHA Y HORA DE LA ULTIMA TRANSACCIÓN
control field 20240403172012.0
008 - ELEMENTOS DE LONGITUD FIJA -- INFORMACIÓN GENERAL
Campo fijo de descripción fija -- Información general 240403t1989 ag ||||| |||| 00| 0 spa d
040 ## - FUENTE DE CATALOGACIÓN
Idioma de catalogación spa
Agencia que realiza la transcripción CO-MdFUSB
041 ## - CÓDIGO DE IDIOMA
Código de idioma para texto/pista de sonido o título separado spa
100 1# - ASIENTO PRINCIPAL--NOMBRE PERSONAL
Nombre personal Steuernagel, Valdir R.
Término relacionador autor
245 10 - TÍTULO
Título Preguntas a Lausana II
Mención de responsabilidad / Valdir R. Steuernagel
300 ## - DESCRIPCIÓN FÍSICA
Extensión Volumen 8, número 4 (diciembre, 1989), páginas: 19 - 20
Dimensiones ; 27 cm
520 ## - NOTA DE RESUMEN, ETC.
Nota de sumario, etc. Este es el breve discurso presentado en el plenario del II Congreso de Lausana sobre Evangelización Mundial por Valdir Steuernagel, vicepresidente de la Fraternidad Teológica Latinoamericana, hacia el final del cónclave realizado en Manila en julio de 1989.
653 ## - TÉRMINO DE INDIZACIÓN - NO CONTROLADO
Término no controlado Lausana
773 0# - ASIENTO DE ITEM FUENTE
Título Iglesia y Misión
Biblionumber 49402
Itemnumber 59672
Parte(s) relacionada(s) / Volumen., número. (mes año), páginas Volumen 8, número 4 (diciembre, 1989), páginas: 19 - 20
Enumeración y primera página páginas: 19
942 ## - TIPO DE MATERIAL (KOHA)
Tipo de Item KOHA Artículos de Revista
Existencias
Expurgo - (Retirado) Estado de Perdido Estado de Dañado No prestable Colección Ubicación habitual Ubicación actual Fecha de Adquisición Signatura Topográfica Tipo de Material
        Colección de Hemeroteca Biblioteca FUSBC Biblioteca FUSBC 26/01/2016 Artículos de Revista

Biblioteca FUSBC | Teléfono: (57+4) 349 88 10 Ext. 141| WhatsApp (+57) 3005338115 
E-mail: biblioteca@unisbc.edu.co | Calle 76 87-14 Robledo Palenque, Medellín, Colombia

Con tecnología Koha